| 000 | 00348nam a2200145 a 4500 | ||
|---|---|---|---|
| 008 | 971009s1962||||xx 0 und c | ||
| 040 |
_aSNK _bslo _cSNK _eAACR2 |
||
| 100 | 1 | _aPolonec, A-Turzová, M. | |
| 245 | 1 | 0 | _aPukanská keramika |
| 260 |
_aBratislava _bOsveta _c1962 |
||
| 300 | _a66 s. | ||
| 020 | _c14,40 | ||
| 041 | _aslo | ||
| 044 |
_axo _cSK |
||
| 999 |
_c14900 _d14900 |
||